000
00308nam a2200109Ia 4500
008
220216s9999 xx 000 0 und d
245
0
_a
Damp-proofing buildings with natural rubber latex/siliconate compositions
260
_b
Planter
_c
1962
300
_a
170-171
650
_a
Natural rubber latex
942
_c
JS
999
_c
56719
_d
56719